000
00497nam a2200145Ia 4500
008
090122s9999 xx 000 0 und d
082
_b
8227
_a
891.463
100
_a
अर्नाळकर
_b
बाबुराव
245
_a
झुंजार आणि कपटजाल
600
_a
अर्नाळकर
630
_a
झुंजार आणि कपटजाल
700
_a
अर्नाळकर
730
_a
झुंजार आणि कपटजाल
942
_c
BOOK
999
_c
32304
_d
32304